000 01150naa a22002897a 4500
001 BR8807775
003 BR-BrBNA
005 20250721155336.0
007 ta
008 250630b bl.|||m| |||| 00| 0 por d
040 _aBR-BrBNA
_bpor
_cBiblioteca Nacional de Agricultura
041 _a(Pt)
072 _aF08
_b1160
_bG514
090 _aF08 BR8807775
100 1 _aLima, V. de P.M.S.
245 1 _aModelos de exploracao [caju]
246 1 _a[Cropping systems]
246 1 _a[Anacardium occidentale cultivation at the northeast of Brazil]
500 _aA cultura do cajueiro no Nordeste do Brasil Lima, V. de P.M.S. (ed.) Fortaleza, CE (Brasil): 1988. p. 107-117 [5 ref.] (BR8807775-AMS)
773 0 _tA cultura do cajueiro no Nordeste do Brasil
_aLima, V. de P.M.S. (ed.). Banco do Nordeste do Brasil S.A., Fortaleza, CE (Brasil)
_wF08 BR8807775
_gFortaleza, CE (Brasil), 1988. p. 107-117
650 _aCAJU
650 _aSISTEMA DE PRODUCAO
650 _aREGIAO NORDESTE
490 _aEstudos Economicos e Sociais - Banco do Nordeste do Brasil S.A. (Brazil)
_vno. 35
942 _cAMS
_2AGRIS
909 _a202506
_bLúcia
_c55
_dLúcia Elande
999 _c335975
_d335975